01683cam a2200373 a 450000100090000000300050000900500170001400800410003101000170007202000180008902500230010704000180013004200100014804300120015805000110017006600110018108200180019210000530021024501030026325000260036626000710039230000290046350000130049252001650050560000530067065100450072371000480076888000730081688001260088988000370101588001120105288000760116488000690124016136940NUST20171019121415.0100316s2008 pk a 000 0durd  a 2010340604 a9789693702835 aP-U-2010340604; 32 aDLCcDLCdDLC alcode aa-pk---00aDS384+ c(3c(4 a954.9043bKHA1 6880-01aK̲h̲ān, ʻAbdulqayyūm,d1924-2015.106880-02aMuz̲ākarāt se Mārshal lāʼ tak /cSardār Muḥammad ʻAbdulqayyūm K̲h̲ān. 6880-03aIshāʻat 1. 6880-04aIslāmābād :bNaishnal Buk Fāʼūnḍeshan,c2008. a152 p. :bill. ;c22 cm. aIn Urdu. aPolitical memoirs of ʻAbdulqayyūm K̲h̲ān with special reference to the 1977 election crisis in Pakistan and the imposition of Martial law in the country.106880-05aK̲h̲ān, ʻAbdulqayyūm,d1924-2015. 0aPakistanxPolitics and governmenty1971-2 6880-06aNational Book Foundation (Pakistan)1 6100-01/(3/r‏aخان، سردار محمّد عبدالقيّوم.106245-02/(3/r‏a‏مذاکرات سے مارشل لاء تک /‏c‏سردار محمّد عبدالقيّوم خان. 6250-03/(3/r‏a‏اشاعت 1. 6260-04/(3/r‏a‏اسلام‌آباد :‏b‏نيشنل بک فاؤنڈيشن،‏c‏‪2008‬.146600-05/(3/r‏a‏خان، سردار محمّد عبدالقيّوم.2 6710-06/(3/r‏a‏نيشنل بک فاؤنڈيشن (Pakistan)